Регионална библиотека "Любен Каравелов" - Русе

Стоян Михайловски - поет, трибун, мислител (Запис номер 44309)

MARC детайли
000 -Лидер
Контролно поле с фиксирана дължина 03395nam a2200445 c 4500
003 - Код на организацията, давaща контролен номер
Контролно поле BLK
005 - Дата и час на последна редакция
Контролно поле 20240617105101.0
008 - Елементи от данни с фиксирана дължина
fixed length control field 180408b bul|||||r ||||||| ||bul||
010 ## - Наследен системен номер
LC control number KNG00048074000
020 ## - Международен стандартен номер на книга ISBN
Международен стандартен номер на книга ISBN 978-954-535-617-9
-- издат.: Нов бълг. унив.
040 ## - Източник на каталожния запис
Идентификатор на билиотеката - собственик на записа BLK
041 ## - Код за език
Код за езика на текст/звукозапис или на отделно заглавие Български
Код за езика КДБФ Български
072 #7 - Код за тематичната категория
Код организация bullib
Код за тематична категория Н82
Текст Литературознание Н
080 ## - УДК
Текстов определител УДК Българска литература
УДК код - определител по УДК 821.163.2
УДК определител (092)
УДК - код + определител 821.163.2(092)
080 ## - УДК
Текстов определител УДК Българска литература
УДК код - определител по УДК 821.163.2
УДК определител .09
УДК - код + определител 821.163.2.09
080 ## - УДК
Текстов определител УДК
УДК код - определител по УДК 929 Михайловски, Стоян Николов
УДК определител
УДК - код + определител 929 Михайловски, Стоян Николов
100 1# - Редна дума - Автор
Автор Богданов, Иван
Авторска отговорност първи автор
Автор - информация (биография) Генчев, Иван Богданов
R(LIN) 365495
139 ## - Редно поле
Редна дума Богданов, Иван
Авторски знак Михаи - М 74
245 10 - Сведения за заглавието
Заглавие Стоян Михайловски - поет, трибун, мислител
Подзаглавни данни Култ.-ист. анализ с прил. на системна библиогр.
Редно поле (дума) Иван Богданов; науч. ред. Надежда Александрова; * Иван Богданов Генчев.
257 ## - Страна на издаване
Страна на създаване/издаване България
260 ## - Област на издателските данни
-- София
Име на издателя, разпространителя и проч. Нов бълг. унив.
Година на издаване 2010
Печатница София : Планета 3
300 ## - Физическа характеристика
Страници 383 с.
Размери/Мащаб 21 см
380 ## - Жанр
Жанр Литературознание
500 ## - Общи забележки
Забележка Пълното име на авт. е Иван Богданов Генчев. - Пълното име на ред. е Надежда Александрова Драгова. - Съдържа: Архивът на Иван Богданов; Иван Богданов за Стоян Михайловски. Публикации; Из критически оценки за Иван Богданов по повод неговите издания и изследвания върху живота и творчеството на Стоян Михайловски. - Библиогр. с. 326-343. - Азб. показалец на упоменати и цитирани по-важни имена.
600 14 - Име на лице, използвано като предмет
За него / За нея Михайловски, Стоян Николов
Друга информация Михайловский, Стоян, 1856-1927; Михайловски, Ст., 1856-1927; Михайловски, 1856-1927; Де Профундис, 1856-1927 (псевдоним); Истров, Драгостин, 1856-1927 (псевдоним); Муслак, Драгостин Истров, 1856-1927 (псевдоним); Розенберг, Викентий, 1856-1927 (псевдоним); Рязков, Евгений, 1856-1927 (псевдоним); Стрелков, Ст., 1856-1927 (псевдоним); De Profundis, 1856-1927 (псевдоним); X.y.z., 1856-1927 (псевдоним)
Свързани дати 1856-1927
9 (RLIN) 97934
650 #4 - Допълнително описание по предмет – тема
Основно описание – тема или топоним Писатели, български - творчество
9 (RLIN) 250544
651 #4 - Допълнително описание по предмет - топоним
Географско понятие България
9 (RLIN) 241624
653 ## - Ключова дума – ненормативна
Ключова дума български писатели
653 ## - Ключова дума – ненормативна
Ключова дума творчество
653 ## - Ключова дума – ненормативна
Ключова дума Стоян Михайловски
659 ## - Тематичен бюлетин
Тематичен бюлетин Н
700 1# - Други автори (авторска отговорност)
Лично име Александрова, Надежда
Автороска отговорност (Описва отношението между автора и произведението) науч. ред.
9 (RLIN) 367895
700 ## - Други автори (авторска отговорност)
Лично име Генчев, Иван Богданов
9 (RLIN) 367896
852 ## - Местоположение
Форматна сигнатура Цб 251132
856 4# - Електронен адрес и достъп
Електронен формат pdf - файл
Път до файла /url/
856 4# - Електронен адрес и достъп
Електронен формат pdf - файл
Път до файла /url/
942 ## - АРТИКУЛИ
Вид на библиотечния материал Книги
Скрит в OPAC Не
Koha issues (borrowed), all copies 3
944 ## - СЪЗДАВАНЕ И РЕДАКЦИЯ на ЗАПИСА
Създаване/Редакция Създаване
Дата на регистрацията/редакция 14.03.2011
Статус, дата на статуса Русанова Ирена
Служител, извършил регистрацията/редакцията 30542
944 ## - СЪЗДАВАНЕ И РЕДАКЦИЯ на ЗАПИСА
Създаване/Редакция Редакция
Дата на регистрацията/редакция 21.10.2016
Статус, дата на статуса ф /
Служител, извършил регистрацията/редакцията Людмила_Стоянова
999 ## - СИСТЕМНИ КОНТРОЛНИ НОМЕРА
Koha biblionumber 44309
Koha biblioitemnumber 44309
Наличности
Код за отписване Код за изгубен артикул Код за повреда Коз за рестрикции Код за отдаване Артикулен № Име на библиотеката - собственик Име на библиотеката, в която се намира в момента Статус (Текущо местоположение) Дата на вписване в системата Местоположение - отдел Цена в лева Инвентарен номер Систематично азбучна сигнатура Баркод Номер на екземпляра Цена в евро Служебна бележка Служебен тип на артикула Източник на класификационната схема
  Не е изгубен Не е повреден без рестрикции ползва се в читалня 69679 Регионална библиотека "Любен Каравелов" Русе Регионална библиотека "Любен Каравелов" Русе Хранилище 2011-03-14 Хранилище 17.00 120000749683 Цб 251132 120000749683 1 8.69 Дост: Dp Вид: Д N: 26 Дата: 30.06.2010 Книги  
  Не е изгубен Не е повреден без рестрикции заемане за дома 69680 Регионална библиотека "Любен Каравелов" Русе Регионална библиотека "Любен Каравелов" Русе Заемна - подръчен фонд 2016-07-11 Заемна - подръчен фонд 17.00 120000802057 П 821.163.2.09(092)/М 74 120000802057 2 8.69 Дост: DA Вид: А N: 27 Дата: 11.07.2016 Дата инв: 07.02.2018 Бележки инв: П2018 Книги Universal Decimal Classification
Vip Innovations Ltd, Rousse, Bulgaria 2025